000 01042cab a2200217 4500
001 ABS67990
008 040714n2004 000 0 eng u
035 _a(Sirsi) u126781
100 _aRoss, S.
245 _aRisky business
260 _c2004
490 _aFire Engineers' Journal
_v64(246) July 2004, 41-42(2)
520 _aExplains the reasons why health and safety issues should be considered with good risk management. Suggests management of fire risk can be divided into risk to life and risk to assets. Discusses how the use of composite panels has increased the fire risks in some commercial buildings. Concludes that often the most costly consequence of a fire is the cost of loss of business and suggests the client, insurer and broker can work together so that the risks can be understood and fairly priced.
590 _aABS
650 _aRISK MANAGEMENT
650 _aCOMMERCIAL BUILDINGS
650 _aCOMPOSITE PANELS
650 _aINSURANCE CLAIMS
690 _aBUILT ENVIRONMENT-BUILDING STANDARDS
942 _n0
999 _c74459
_d74459